000
00293nam a22001337a 4500
008
170214b xxu||||| |||| 00| 0 eng d
020
_a
1560533080
041
_a
eng
080
_2
2ND
_a
61
100
_a
4
101
_a
SHM
245
_a
SPORTS MEDICINE SECRETS
_c
MELLION, M.B
942
_2
udc
_c
BK
999
_c
5450
_d
5450